000
00313nam a2200133Ia 4500
008
240624s9999 xx 000 0 und d
041
_a
eng
082
_a
519.5 COR
100
_a
CORTINA JOSE M
245
_a
EFFECT SIZE FOR ANOVA DESIGNS VOLUME 129
260
_c
1999
_b
Sage
300
_a
80 p.
365
_c
_b
32
999
_c
30194
_d
30194